000 01630cam a2200145 4500500
005 20260329023234.0
041 _afre
042 _adc
100 1 0 _aFuentes-Carrera, Julieta
_eauthor
700 1 0 _aSubra, Philippe
_eauthor
245 0 0 _aIsraël : l'obsession du territoire
260 _bArmand Colin,
_c2018.
520 _aLorsqu’on évoque le conflit israélo-palestinien, les images qui viennent à l’esprit sont toujours violentes : guerres, attentats terroristes, tirs de roquettes, maisons détruites, victimes civiles… Parce qu’elles sont omniprésentes, ces violences cachent en fait une autre dimension de la réalité géopolitique régionale : le rôle joué par les politiques israéliennes d’aménagement du territoire.Un rôle qui ne se limite pas à la construction du Mur de séparation et de nouvelles colonies de peuplement, qui n’en sont que les parties les plus visibles et les plus médiatisées. Et qui est largement sous-estimé par la plupart des analyses, alors que la question du contrôle du territoire est de manière évidente l’enjeu principal du conflit, et ce avant même la création de l’État d’Israël.Cet ouvrage analyse le rôle central que joue « l’obsession territoriale » d’Israël dans la construction de l’État-nation, dans l’exclusion spatiale entre Juifs, Arabes israéliens et Palestiniens et dans le façonnement des identités.Une grille de lecture novatrice du conflit le plus impactant des dernières décennies.
856 4 1 _uhttps://shs.cairn.info/israel-l-obsession-du-territoire--9782200621247?lang=fr&redirect-ssocas=7080
999 _c1925715
_d1925715